| 000 | 00891cam a2200313 4500 | ||
|---|---|---|---|
| 999 |
_c173339 _d173339 |
||
| 001 | 2178045 | ||
| 003 | Nust | ||
| 005 | 20180723063827.0 | ||
| 008 | 680301s1967 enk 000 1 eng | ||
| 010 | _a 68073891 | ||
| 015 | _aB67-20874 | ||
| 020 |
_a8129102935 _cRs. 260 |
||
| 038 | _aArshad | ||
| 040 |
_aDLC _cDLC _dDLC _dOCoLC _dMoSU-L _dDLC |
||
| 043 | _ae-uk--- | ||
| 050 | 0 | 0 |
_aPZ4.C388 _bWo3 _aPR6053.E3 |
| 082 |
_a813.54 _bCEC |
||
| 100 | 1 |
_aCecil, Henry, _d1902-1976. _911931 |
|
| 245 | 1 | 2 |
_aA woman named Anne. _cHenry cecil |
| 260 |
_aLondon, _bJoseph, _c1967. |
||
| 300 |
_a200 p. _c20 cm. |
||
| 350 | _a25/- | ||
| 650 | 0 |
_aDivorce suits _xFiction. _911937 |
|
| 651 | 0 |
_aGreat Britain _xFiction. _911833 |
|
| 655 | 7 |
_aLegal stories. _2gsafd _9935 |
|
| 655 | 7 |
_aHumorous stories. _2gsafd _911259 |
|
| 906 |
_a7 _bcbc _corignew _du _encip _f19 _gy-gencatlg |
||
| 942 |
_2ddc _cBK |
||